Calculus : multivariable (Record no. 26155)

MARC details
000 -LEADER
fixed length control field 00417nam a22001697a 4500
003 - CONTROL NUMBER IDENTIFIER
control field OSt
005 - DATE AND TIME OF LATEST TRANSACTION
control field 20220105143013.0
008 - FIXED-LENGTH DATA ELEMENTS--GENERAL INFORMATION
fixed length control field 220105b |||||||| |||| 00| 0 eng d
020 ## - INTERNATIONAL STANDARD BOOK NUMBER
International Standard Book Number 9780321954343
040 ## - CATALOGING SOURCE
Transcribing agency HU
082 ## - DEWEY DECIMAL CLASSIFICATION NUMBER
Classification number 515 BRI 2015
100 ## - MAIN ENTRY--PERSONAL NAME
Personal name Briggs, William L.
9 (RLIN) 26860
245 ## - TITLE STATEMENT
Title Calculus : multivariable
260 ## - PUBLICATION, DISTRIBUTION, ETC.
Date of publication, distribution, etc. 2015
300 ## - PHYSICAL DESCRIPTION
Extent XX1167
Other physical details Answers,Indax,PC
Dimensions 28cm
942 ## - ADDED ENTRY ELEMENTS (KOHA)
Source of classification or shelving scheme Dewey Decimal Classification
Koha item type Books like text book referance book
Suppress in OPAC No
Holdings
Withdrawn status Lost status Source of classification or shelving scheme Damaged status Not for loan Collection code Home library Current library Shelving location Date acquired Total Checkouts Full call number Barcode Date last seen Copy number Price effective from Koha item type
    Dewey Decimal Classification     Reference Wondo Genet Library Wondo Genet Library General Stacks 01/05/2022   515 BRI 2015 WGCFNRL00010020 01/05/2022 1 01/05/2022 Books like text book referance book
    Dewey Decimal Classification     Reference Wondo Genet Library Wondo Genet Library General Stacks 04/16/2022   515BRI2015 WGCFNRL00019225 04/16/2022 2 04/16/2022 Books like text book referance book
    Dewey Decimal Classification     Reference Wondo Genet Library Wondo Genet Library General Stacks 04/16/2022   515BRI2015 WGCFNRL00019226 04/16/2022 3 04/16/2022 Books like text book referance book